| 000 | 00516cam a2200217ua 4500 | ||
|---|---|---|---|
| 001 | 3386 | ||
| 005 | 20260515113654.0 | ||
| 008 | 111105n ii |||gr||||Z||||||asm | ||
| 040 | _cMAIN | ||
| 082 | _a883 | ||
| 100 | _aHomer, | ||
| 245 | 1 | 1 |
_aOdyssey _cby Homer |
| 250 | _a6th. | ||
| 260 |
_aGuwahati: _bPublication board assam, _c2004. |
||
| 300 |
_a280p: _c23cm. |
||
| 653 | _aGreek novel | ||
| 653 | _aAssamese novel | ||
| 653 | _aOdyssey | ||
| 700 |
_aChakravarty, Amulya Kumar, _eTranslated., |
||
| 942 | _cBK | ||
| 999 |
_c3228 _d3228 |
||